Statistics for French Monarchs

Click here to take the quiz!

General Stats

  • This quiz has been taken 2,274 times
  • The average score is 25 of 42

Answer Stats

DateMonarch% Correct
1314-1316Louis X
84%
1461-1483Louis XI
82%
1715-1774Louis XV
82%
1804-1814 | 1815-1815Napoleon I
82%
1498-1515Louis XII
80%
1774-1792Louis XVI
80%
1610-1643Louis XIII
79%
1643-1715Louis XIV
79%
1226-1270Louis IX
74%
1108-1137Louis VI
74%
1137-1180Louis VII
72%
1223-1226Louis VIII
71%
1031-1060Henry I
67%
1815-1815Napoleon II
65%
1852-1870Napoleon III
64%
1547-1559Henry II
63%
1574-1589Henry III
62%
1589-1610Henry IV
62%
1364-1380Charles V
61%
1380-1422Charles VI
60%
1422-1461Charles VII
60%
1824-1830Charles X
60%
1560-1574Charles IX
58%
1483-1498Charles VIII
58%
1322-1328Charles IV
57%
1814-1815 | 1815-1824Louis XVIII
56%
1060-1108Philip I
53%
1515-1547Francis I
51%
1180-1223Philip II
50%
1270-1285Philip III
48%
1285-1314Philip IV
48%
1316-1322Philip V
48%
1328-1350Philip VI
47%
1559-1560Francis II
46%
1830-1848Louis-Philip
39%
1316-1316John I
37%
1350-1364John II
34%
987-996Hugh Capet
33%
996-1031Robert II
19%
1792-1804First Republic
5%

Score Distribution

Percentile by Number Answered

Percent of People with Each Score

Your Score History

You have not taken this quiz